000 00630nam a2200193 i 4500
001 27964
003 ES-MaACL
005 20250805063234.0
007 t|
008 030116s1952 sp ||||1| cat d
100 1 _aJuan Arbó, Sebastián,
_d1902-1984
_967101
245 1 0 _aVerdaguer
_b: el poeta, el sacerdot i el món /
_cSebastiá Juan Arbó ; próleg de l'autor.
250 _a[1ª ed.].
260 _aBarcelona :
_bAedos,
_c[1952] (
_fImp. Moderna)
300 _a611 p., 16 lám. ;
_c23 cm.
600 1 4 _aVerdaguer, Jacint,
_d1845-1902
_9113998
852 _aES-MaACL
_jD-8223
_bR.32987
999 _c27964
_d27964